1058 1876 1126 1321 1424 1081 1505 1165 1813 1234 1395 1392 1210 1287 1460 1788 1175 1577 1111 1209 1080 1874 1790 1553 1333 1901 1910 1085 1174 1208 1216 1152 1659 1693 1628 1305 1193 1293 1218 1584 1634 1281 1777 1664 1741 1586 1868 1348 1467 1296 1943 1802 1782 1117 1942 1552 1186 1119 1201 1915 1654 1899 1237 1047 1286 1799 1946 1365 1696 1727 1184 1214 1113 1333 1115 1255 1748 1290 1399 1690 1682 1916 1089 1355 1763 1424 1361 1317 1971 1788 1898 1855 1197 1632 1483 1283 1811 1793 1478 BCNSPRNW ULIB Ver.6.0+V

เปลี่ยนเป็นภาษาไทย

Change to English
 แสดงรายละเอียดบรรณานุกรม
  กลับหน้าหลัก

Brief Record : Get Marc (ISO 2709) : E-mail record : QR code < ปิดหน้าต่าง
LEADER : 00000nam 2200000uu 4500
001    13399124509
003     ULIB
008    150817s2556 th a 000 0 tha d
020    9789749804261
020    9789749804260
090    นว.^bล158ส ล.9
100    ล่อร่า อิงกัลล์ส์ ไวล์เดอร์;^eผู้แต่ง
245    สี่ปีแรก/^cล่อร่า อิงกัลล์ส์ ไวล์เดอร์. ; เขียน ,สุคนธรส. ; แปล
250    พิมพ์ครั้งที่ 8
260    กรุงเทพฯ :^bแพรวเยาวชน,^c2556
300    117 หน้า;^b18.5 ซม.
500    หนังสือชุดบ้านเล็ก
700    สุคนธรส ;^eแปล
945    ^p85^l0^i039780
999    ^aทศพร
รายการนี้ยังไม่มีแท็ก
คุณยังไม่ได้ล็อกอิน คุณสามารถมีกิจกรรมร่วมกับเว็บไซต์ได้ แต่ต้องล็อกอินก่อน ::
  ล็อกอิน

รายการสื่อสารสนเทศ

ลำดับที่ ประเภท เลขเรียก/บาร์โค้ด สถานที่ สถานะ
1. นวนิยาย
นวนิยาย
นว. ล158ส ล.9 ฉ.1 
  Barcode: 039780
ห้องสมุดวิทยาเขตสวรรค์ประชารักษ์
►นวนิยาย
บนชั้น
  ขอยืม

BibComment


ยังไม่เคยถูกคอมเมนท์

คอมเมนท์ทรัพยากรรายการนี้
  คอมเมนท์: สี่ปีแรก ล่อร่า อ..


 Copyright 2026. Bcnsprnw @Library